00648nam a22002172a 450000100060000000300080000600500170001400800410003103500190007204000370009104100080012808200270013610000220016324500410018526000470022630000310027350000260030465000260033065000370035665000370039347256BD-RjUL20211209054302.0160807s1962 nyua b 001 0 eng d a(BD-RjUL)47375 aDLCcCNCdSERdEQOdBD-RjULbeng aeng a332.4973223bKRM 19621 aKreps, Clifton H.10aMoney, banking and monetary policy / aNew York : bRonald Press Company, cc1962 a607 p. : bill. ; c24 cm. aIncludes bibliography 0aMoneyzUnited States. 0aBanks and bankingzUnited States 0aCurrency questionzUnited States